书目信息 |
| 题名: |
邓小平文选
|
|
| 作者: | 邓小平 | |
| 分册: | 第二册 | |
| 出版信息: | 河北 人民出版社 1983 |
|
| 页数: | 446 | |
| 开本: | 19cm | |
| 丛书名: | ||
| 单 册: | ||
| 中图分类: | A491 | |
| 科图分类: | ||
| 主题词: | 毛泽东著作 | |
| 电子资源: | ||
| ISBN: | 7-01-002070-1 | |
| 000 | 00501nam0 2200181 450 | |
| 001 | 0760515518 | |
| 005 | 20070817164835.51 | |
| 010 | @a7-01-002070-1@d¥7.40 | |
| 100 | @a20070817d km y0chiy0120 ea | |
| 101 | 0 | @achi |
| 200 | 1 | @a邓小平文选@Adeng xiao ping wen xuan@h第二册@f邓小平@Fdeng xiao ping |
| 210 | @a河北@c人民出版社@d1983 | |
| 215 | @a446@d19cm | |
| 606 | 0 | @a毛泽东著作 |
| 690 | @aA491@v3 | |
| 701 | 0 | @a邓小平@Adeng xiao ping |
| 801 | 0 | @aCN@bPFT@c20070817 |
| 905 | @a213230@dA491@eg3:2@f1 | |
| 邓小平文选.第二册/邓小平.-河北:人民出版社,1983 |
| 446;19cm |
| ISBN 7-01-002070-1:¥7.40 |
| ● |
| 相关链接 |
|
|
|
|
正题名:邓小平文选
索取号:A491/g3:2
 
预约/预借
| 序号 | 登录号 | 条形码 | 馆藏地/架位号 | 状态 | 备注 |
| 1 | 6500014 | 265000143 | 密集书库-马院/ [索取号:A491/g3:2] | 在馆 |